| 000 | nam a22 7a 4500 | ||
|---|---|---|---|
| 999 |
_c330821 _d330821 |
||
| 003 | NUST | ||
| 005 | 20170810102953.0 | ||
| 008 | 170810b xxu||||| |||| 00| 0 eng d | ||
| 020 | _a9789693520187 | ||
| 020 | _a9693520181 | ||
| 040 | _cNUST | ||
| 082 |
_a954.9143 _bSHE |
||
| 100 |
_aShehzad, Ghafer _93879 |
||
| 245 |
_aLahore: _bGhar, Ghalian, Darwazay/ _cby Ghafer Shehzad |
||
| 260 |
_aLahore: _bSang-e mil publications, _c2007 |
||
| 300 |
_a127 p. _bill. |
||
| 504 | _aInclude bibliography | ||
| 650 |
_aHistory-Lahore-Pakistan _93880 |
||
| 880 |
_6100-01\(3\r _aغافر شہزاد |
||
| 880 |
_6245-02\(3\r _aلاہور: _bگھر، گلیاں، دروازے _cغافر شہزاد |
||
| 880 |
_6260-03\(3\r _aلاہور: _bسنگ میل پبلی کیشنز، _c2007 |
||
| 942 |
_2ddc _cBK |
||